01400nam a22002897a 4500008004100000040001800041041000800059110006100067245022300128260007000351300001800421650001600439650004900455650005500504650002700559650003500586650004100621650003600662650004200698650003500740651009600775651009600871700003600967700003701003700003801040710003201078130821s2004 ck gr spa  aCo-BoUCMbspa00aspa1 aColombia.bMinisterio de Agricultura y Desarrollo Rural13aEl agro Colombiano frente al TLC con los Estados UnidoscMinisterio de Agricultura y Desarrollo Rural ; director, Luis Jorge Garay Salamanca ; coordinador, Fernando Barberi Gómez ; editor, Andrés Espinosa Fenwarth. aBogotá (Colombia)bMinisterio de Agricultura y Desarrolloc2004 a194 páginas04aAgricultura04aAgriculturaxAspectos económicoszColombia04aAgriculturaxAspectos económicoszEstados Unidos04aEconomía del trabajo04aIndustria agrícolazColombia04aIndustria agrícolazEstados Unidos04aPolítica agrícolazColombia04aPolítica agrícolazEstados Unidos04aTratado de libre comercio. TLC 4aColombiaxRelaciones económicas internacionaleszEstados UnidosvTratados internacionales 4aEstados UnidosxRelaciones económicas internacionaleszColombiavTratados internacionales1 aBarberi Gómes, Fernandoecor.1 aEspinosa Fenwarth, Andréseed.1 aGaray Salamanca, Luis Jorgeedir.2 aBolsa Nacional Agraria. BNA